000 00753nam a22002417a 4500
005 20251108170531.0
008 250721s2001 xx 000 0 ara d
082 1 4 _a973/ستي
100 1 _aستيقنسون، دوغلاس ك.
245 1 0 _aالحياة و المؤسسات في أمريكا /
264 1 _aعمان :
_bدار الأهلية للنشر،
_c2001.
650 1 7 _aالتاريخ
650 1 7 _aتاريخ أمريكا
650 1 7 _aالحكومة الأمريكية
650 1 7 _aالتعليم
650 1 7 _aالإقتصاد
650 1 7 _aالنقل
650 1 7 _aالبيئة
650 1 7 _aوسائل الإعلام و الإتصالات
700 1 _aسعيد، أمل
_eترجمة
942 _2ddc
_cBK
999 _c42851
_d42851